Architectural guide Dessau-Wörlitz (Record no. 9606)

000 -LEADER
fixed length control field 00321nam a2200133 4500
003 - CONTROL NUMBER IDENTIFIER
control field OSt
005 - DATE AND TIME OF LATEST TRANSACTION
control field 20210705122217.0
008 - FIXED-LENGTH DATA ELEMENTS--GENERAL INFORMATION
fixed length control field 210705b ||||| |||| 00| 0 eng d
020 ## - INTERNATIONAL STANDARD BOOK NUMBER
International Standard Book Number 9783869223711
082 ## - DEWEY DECIMAL CLASSIFICATION NUMBER
Classification number 720.9431863
Item number THO
100 ## - MAIN ENTRY--PERSONAL NAME
Personal name Thöner, Wolfgang
245 ## - TITLE STATEMENT
Title Architectural guide Dessau-Wörlitz
942 ## - ADDED ENTRY ELEMENTS (KOHA)
Source of classification or shelving scheme
Holdings
Withdrawn status Lost status Source of classification or shelving scheme Damaged status Koha normalized classification for sorting Not for loan Permanent location Current location Date acquired Full call number Barcode Date last seen Price effective from Koha item type
        720_943186300000000_THO   BMS College of Architecture, Design and Planning BMS College of Architecture, Design and Planning 2021-07-05 720.9431863 THO AR-PG466 2021-07-05 2021-07-05 PG Books
Copyright © 2025, The Librarian, Library and Information Centre, BMSCA D&P, Bengaluru. All Rights Reserved
web counter

Powered by Koha